An introduction to language and society / (رقم التسجيلة. 79719)
[ عرض عادي ]
| 000 -الفاتح | |
|---|---|
| حقل البيانات ثابتة الطول | 01564cam a2200397 a 4500 |
| 001 - رقم الضبط | |
| رقم الضبط | 15127410 |
| 003 - محدد رقم الضبط | |
| رقم الضبط | OSt |
| 005 - وقت وتاريخ اخر تعامل مع التسجيلة | |
| رقم الضبط | 20220314142632.0 |
| 008 - عناصر البيانات ثابتة الطول - معلومات عامة | |
| حقل البيانات ثابتة الطول | 080104s2008 enkab b 001 0 eng |
| 010 ## - رقم ضبط مكتبة الكونجرس | |
| رقم ضبط مكتبة الكونجرس | 2008000250 |
| 015 ## - رقم الببليوجرافية الوطنية | |
| رقم الببليوجرافية الوطنية | GBA862403 |
| المصدر | bnb |
| 016 7# - رقم ضبط الوكاله الوطنية للضبط الببليوجرافي | |
| رقم ضبط التسجيلة | 014602655 |
| المصدر | Uk |
| 020 ## - الرقم الدولى المعيارى للكتب | |
| الرقم الدولى المعيارى للكتاب | 9780415382991 |
| 020 ## - الرقم الدولى المعيارى للكتب | |
| الرقم الدولى المعيارى للكتاب | 0415382998 |
| 020 ## - الرقم الدولى المعيارى للكتب | |
| الرقم الدولى المعيارى للكتاب | 9780415382748 (pbk.) |
| 020 ## - الرقم الدولى المعيارى للكتب | |
| الرقم الدولى المعيارى للكتاب | 0415382742 (pbk.) |
| 035 ## - رقم ضبط النظام | |
| رقم ضبط النظام | (OCoLC)ocn189699863 |
| 035 ## - رقم ضبط النظام | |
| رقم ضبط النظام | (OCoLC)189699863 |
| رقم الضبط الملغى والمتاح | (OCoLC)149007422 |
| -- | (OCoLC)149007432 |
| 040 ## - مصدر الفهرسة | |
| وكالة الفهرسة الأصلية | DLC |
| وكالة النسخ | DLC |
| وكالة التعديل | BAKER |
| -- | BTCTA |
| -- | YDXCP |
| -- | UKM |
| -- | BWKUK |
| -- | BWK |
| -- | DLC |
| 050 00 - رقم طلب مكتبة الكونجرس | |
| رقم التصنيف | P40 |
| رقم المادة | .M66 2008 |
| 082 00 - رقم تصنيف ديوى العشرى | |
| رقم التصنيف | 306.44 |
| رقم الطبعة | 22 |
| رقم المادة | MMI |
| 100 1# - المدخل الرئيسى - إسم شخصى | |
| الإسم الشخصى | Montgomery, Martin. |
| 9 (RLIN) | 45014 |
| 245 13 - بيان العنوان | |
| العنوان | An introduction to language and society / |
| بيان المسئوليه,etc | Martin Montgomery. |
| 250 ## - بيان الطبعة | |
| بيان الطبعة | 3rd ed. |
| 260 ## - PUBLICATION, DISTRIBUTION, ETC. (IMPRINT) | |
| مكان الناشر او الموزع | London ; |
| -- | New York : |
| اسم الناشر او الموزع | Routledge, |
| تاريخ النشر أو التوزيع | 2008. |
| 300 ## - الوصف المادى | |
| التعداد | xx, 314 p. : |
| تفاصيل ماديه اخرى للوعاء | ill., maps ; |
| أبعاد الوعاء | 21 cm. |
| 504 ## - تبصرة ببليوجرافية | |
| تبصرة ببليوجرافية,الخ | Includes bibliographical references and index. |
| 650 #0 - المدخل الاضافى بالموضوع-مصطلح موضوعى | |
| مصطلح موضوعي أو اسم جغرافي كعنصر مدخل | Sociolinguistics. |
| 9 (RLIN) | 89448 |
| 650 #0 - المدخل الاضافى بالموضوع-مصطلح موضوعى | |
| مصطلح موضوعي أو اسم جغرافي كعنصر مدخل | Language acquisition. |
| 9 (RLIN) | 89449 |
| 856 41 - الوصول و الموقع الالكترونى | |
| مواد محددة | Table of contents only |
| معرف المصدر الموحد | <a href="http://www.loc.gov/catdir/toc/ecip087/2008000250.html">http://www.loc.gov/catdir/toc/ecip087/2008000250.html</a> |
| 856 42 - الوصول و الموقع الالكترونى | |
| مواد محددة | Publisher description |
| معرف المصدر الموحد | <a href="http://www.loc.gov/catdir/enhancements/fy0902/2008000250-d.html">http://www.loc.gov/catdir/enhancements/fy0902/2008000250-d.html</a> |
| 856 42 - الوصول و الموقع الالكترونى | |
| مواد محددة | Contributor biographical information |
| معرف المصدر الموحد | <a href="http://www.loc.gov/catdir/enhancements/fy1010/2008000250-b.html">http://www.loc.gov/catdir/enhancements/fy1010/2008000250-b.html</a> |
| 906 ## - عنصر بيانات محلى F, LDF (RLIN) | |
| a | 7 |
| b | cbc |
| c | orignew |
| d | 1 |
| e | ecip |
| f | 20 |
| g | y-gencatlg |
| 942 ## - عناصر المدخل الإضافي( كوها) | |
| مصدر التصنيف او مخطط الترفيف | Dewey Decimal Classification |
| Koha [default] item type | كتاب |
| حالة الفقد | نموذج السعر الفعال | حالة تلف | ليس للاعارة | رقم الطلب | تاريخ الاكتساب | الموقع الحالي | الباركود | الفرع الرئيسي | Date last seen | نوع المادة فى نظام كوها | مصدر التصنيف او خطة الترفيف | Total Checkouts | Date last checked out |
|---|---|---|---|---|---|---|---|---|---|---|---|---|---|
| 2022-03-14 | 306.44 MMI | 2022-03-14 | المكتبة المركزية بالمجمعة (CL) | 00168854 | المكتبة المركزية بالمجمعة (CL) | 2022-03-14 | كتاب | Dewey Decimal Classification | |||||
| 2022-03-14 | 306.44 MMI | 2022-03-14 | المكتبة المركزية بالمجمعة (CL) | 00168855 | المكتبة المركزية بالمجمعة (CL) | 2022-03-14 | كتاب | Dewey Decimal Classification | |||||
| 2022-03-14 | 306.44 MMI | 2022-03-14 | المكتبة المركزية بالمجمعة (CL) | 00168856 | المكتبة المركزية بالمجمعة (CL) | 2022-03-14 | كتاب | Dewey Decimal Classification | |||||
| 2022-03-14 | 306.44 MMI | 2022-03-14 | مكتبة كلية التربية بالزلفى - طالبات (EZF) | 00168859 | مكتبة كلية التربية بالزلفى - طالبات (EZF) | 2023-11-12 | كتاب | Dewey Decimal Classification | 1 | 2023-06-20 | |||
| 2022-03-14 | 306.44 MMI | 2022-03-14 | مكتبة كلية التربية بالزلفى - طالبات (EZF) | 00168860 | مكتبة كلية التربية بالزلفى - طالبات (EZF) | 2022-03-14 | كتاب | Dewey Decimal Classification | |||||
| 2022-03-14 | 306.44 MMI | 2022-03-14 | مكتبة كلية العلوم و الدراسات الإنسانية برماح - طلاب (SRM) | 00168857 | مكتبة كلية العلوم و الدراسات الإنسانية برماح - طلاب (SRM) | 2022-03-14 | كتاب | Dewey Decimal Classification | |||||
| 2022-03-14 | 306.44 MMI | 2022-03-14 | مكتبة كلية العلوم و الدراسات الإنسانية برماح - طلاب (SRM) | 00168858 | مكتبة كلية العلوم و الدراسات الإنسانية برماح - طلاب (SRM) | 2022-03-14 | كتاب | Dewey Decimal Classification |
